<?xml version="1.0" encoding="UTF-8"?>
<record
    xmlns:xsi="http://www.w3.org/2001/XMLSchema-instance"
    xsi:schemaLocation="http://www.loc.gov/MARC21/slim http://www.loc.gov/standards/marcxml/schema/MARC21slim.xsd"
    xmlns="http://www.loc.gov/MARC21/slim">

  <leader>02200njm a2200409Ia 4500</leader>
  <controlfield tag="001">87538</controlfield>
  <controlfield tag="003">IT-RoPAU</controlfield>
  <controlfield tag="005">20220918181155.0</controlfield>
  <controlfield tag="008">131025s9999    xx            000 0 und d</controlfield>
  <datafield tag="040" ind1=" " ind2=" ">
    <subfield code="a">IT-RoPAU</subfield>
  </datafield>
  <datafield tag="040" ind1=" " ind2=" ">
    <subfield code="c">IT-RoPAU</subfield>
  </datafield>
  <datafield tag="041" ind1=" " ind2=" ">
    <subfield code="a">INGLESE</subfield>
  </datafield>
  <datafield tag="999" ind1=" " ind2=" ">
    <subfield code="c">102495</subfield>
    <subfield code="d">102495</subfield>
  </datafield>
  <datafield tag="999" ind1=" " ind2=" ">
    <subfield code="b">n.d.</subfield>
  </datafield>
  <datafield tag="100" ind1=" " ind2=" ">
    <subfield code="a">Bridgewater Dee Dee</subfield>
    <subfield code="9">26779</subfield>
  </datafield>
  <datafield tag="100" ind1=" " ind2=" ">
    <subfield code="e">Autore musica</subfield>
    <subfield code="9">26780</subfield>
  </datafield>
  <datafield tag="100" ind1=" " ind2=" ">
    <subfield code="g">Codice autore musica SPICS: 30207</subfield>
    <subfield code="9">26781</subfield>
  </datafield>
  <datafield tag="245" ind1=" " ind2=" ">
    <subfield code="a">Precious Thing</subfield>
  </datafield>
  <datafield tag="250" ind1=" " ind2=" ">
    <subfield code="a">1a ed.</subfield>
  </datafield>
  <datafield tag="260" ind1=" " ind2=" ">
    <subfield code="a">ITALY</subfield>
  </datafield>
  <datafield tag="260" ind1=" " ind2=" ">
    <subfield code="b">GALA RECORDS</subfield>
    <subfield code="c">1990 [1a Ed.:1990 - Ed. Lingua Orig.: 1990]</subfield>
  </datafield>
  <datafield tag="300" ind1=" " ind2=" ">
    <subfield code="a">DISCO</subfield>
  </datafield>
  <datafield tag="500" ind1=" " ind2=" ">
    <subfield code="a">Musica pop. Canzone inglese</subfield>
  </datafield>
  <datafield tag="505" ind1=" " ind2=" ">
    <subfield code="a">Till the Next... Somewhere - Heartache Caravan (6:00) - Wall of Love (4:00) - Love Takes Chances (5:00) - I Go My Way (4:00) - Mr. Guitar Man (5:00) - Can't We Try Love Again (4:00) - Sunset and Blue (5:00)</subfield>
  </datafield>
  <datafield tag="511" ind1=" " ind2=" ">
    <subfield code="a">Dee Dee Bridgewater</subfield>
  </datafield>
  <datafield tag="650" ind1=" " ind2=" ">
    <subfield code="a">POP [DISCHI]</subfield>
    <subfield code="e">Codice MATERIA SPICS: 9950</subfield>
    <subfield code="9">1001</subfield>
  </datafield>
  <datafield tag="700" ind1=" " ind2=" ">
    <subfield code="a">Bridgewater Dee Dee</subfield>
    <subfield code="g">Codice interprete SPICS: 30207</subfield>
    <subfield code="e">Interprete</subfield>
    <subfield code="9">26782</subfield>
  </datafield>
  <datafield tag="700" ind1=" " ind2=" ">
    <subfield code="a">Papadiamandis Pierre</subfield>
    <subfield code="g">Codice autore musica SPICS: 31076</subfield>
    <subfield code="e">Autore musica</subfield>
    <subfield code="p">Till the Next... Somewhere - Heartache Caravan - Wall of Love</subfield>
    <subfield code="9">26783</subfield>
  </datafield>
  <datafield tag="700" ind1=" " ind2=" ">
    <subfield code="a">Bird Ronnie</subfield>
    <subfield code="g">Codice autore testo/musica SPICS: 31082</subfield>
    <subfield code="e">Autore testo/musica</subfield>
    <subfield code="p">Till the Next... Somewhere</subfield>
    <subfield code="9">26784</subfield>
  </datafield>
  <datafield tag="700" ind1=" " ind2=" ">
    <subfield code="a">Bridgewater Dee Dee</subfield>
    <subfield code="g">Codice autore testo/musica SPICS: 30207</subfield>
    <subfield code="e">Autore testo/musica</subfield>
    <subfield code="p">Heartache Caravan - Wall of Love - Love Takes Chances - Mr. Guitar Man - Can't We Try Love Again</subfield>
    <subfield code="9">26785</subfield>
  </datafield>
  <datafield tag="700" ind1=" " ind2=" ">
    <subfield code="a">Arcadio B.</subfield>
    <subfield code="g">Codice autore musica SPICS: 31077</subfield>
    <subfield code="e">Autore musica</subfield>
    <subfield code="p">Love Takes Chances</subfield>
    <subfield code="9">26786</subfield>
  </datafield>
  <datafield tag="700" ind1=" " ind2=" ">
    <subfield code="a">Ceccarelli A.</subfield>
    <subfield code="g">Codice autore SPICS: 31078</subfield>
    <subfield code="e">Autore</subfield>
    <subfield code="p">Love Takes Chances</subfield>
    <subfield code="9">26787</subfield>
  </datafield>
  <datafield tag="700" ind1=" " ind2=" ">
    <subfield code="a">Bonfils A.</subfield>
    <subfield code="g">Codice autore testo/musica SPICS: 31079</subfield>
    <subfield code="e">Autore testo/musica</subfield>
    <subfield code="p">I Go My Way</subfield>
    <subfield code="9">26788</subfield>
  </datafield>
  <datafield tag="700" ind1=" " ind2=" ">
    <subfield code="a">Lipkins Jerry</subfield>
    <subfield code="g">Codice autore musica SPICS: 31080</subfield>
    <subfield code="e">Autore musica</subfield>
    <subfield code="p">Mr. Guitar Man</subfield>
    <subfield code="9">26789</subfield>
  </datafield>
  <datafield tag="700" ind1=" " ind2=" ">
    <subfield code="a">Legrand Michel</subfield>
    <subfield code="g">Codice autore musica SPICS: 10930</subfield>
    <subfield code="e">Autore musica</subfield>
    <subfield code="p">Can't We Try Love Again - Sunset and Blue</subfield>
    <subfield code="9">26790</subfield>
  </datafield>
  <datafield tag="700" ind1=" " ind2=" ">
    <subfield code="a">Watson Martyn</subfield>
    <subfield code="g">Codice autore testo/musica SPICS: 31081</subfield>
    <subfield code="e">Autore testo/musica</subfield>
    <subfield code="p">Sunset and Blue</subfield>
    <subfield code="9">26791</subfield>
  </datafield>
  <datafield tag="942" ind1=" " ind2=" ">
    <subfield code="c">MD</subfield>
    <subfield code="2">ddc</subfield>
  </datafield>
  <datafield tag="952" ind1=" " ind2=" ">
    <subfield code="0">0</subfield>
    <subfield code="1">0</subfield>
    <subfield code="4">0</subfield>
    <subfield code="6">87538_000000000000000</subfield>
    <subfield code="7">1</subfield>
    <subfield code="a">SPICS</subfield>
    <subfield code="b">SPICS</subfield>
    <subfield code="d">2013-10-25</subfield>
    <subfield code="l">0</subfield>
    <subfield code="o">87538</subfield>
    <subfield code="r">2013-10-25 00:00:00</subfield>
    <subfield code="w">2013-10-25</subfield>
    <subfield code="y">MD</subfield>
    <subfield code="z">Progr. Ins.: 21449 / N.Vol.: 1 / Copie: 1 - Copia rara: n.d. / date import: 01.01.2014 - By Epidotti, Trombetti, Vaglietti</subfield>
  </datafield>
</record>
